| 000 | 00724nam a2200217 u 4500 | ||
|---|---|---|---|
| 005 | 20240924070101.0 | ||
| 008 | 130821s2010 mx r 000 0 spa d | ||
| 020 | _a9786070220432 | ||
| 035 | _aUPN01000192372 | ||
| 049 | _aCG | ||
| 050 | 4 |
_aPC4018 _bV3.3 |
|
| 100 | 1 |
_aVasconcelos, José, _d1881-1959 |
|
| 245 | 1 | 0 |
_aFidelidad al idioma / _cJosé Vasconcelos. |
| 260 |
_aMéxico : _bUNAM : _bAcademia Mexicana de la Lengua, _c2010. |
||
| 300 | _a93 p. | ||
| 500 | _a"Discurso de ingreso en la Academia Mexicana de la Lengua correspondientes de la Española, leído el 22 de enero de 1941" | ||
| 610 | 2 | 7 |
_aAcademia Mexicana de la Lengua _2 _922588 |
| 650 | 4 |
_aEspañol _913265 |
|
| 905 | _aLibro | ||
| 999 |
_c164475 _d164475 |
||